Vývoj zahraničný priamych investícií v 3Q roka 2011
PZI v 3. štvrťroku 2011 spomalili, a to po stabilnom raste za predchádzajúce 3 štvrťroky. Odchod priamych investícií z krajín OECD. Najviac investícií v tomto období prišlo do ekonomiky USA. USA a Japonsko - odchod zahraničných investícií.
Enregistré dans:
| Auteur principal: | |
|---|---|
| Autres auteurs: | |
| Format: | Chapitre de livre |
| Langue: | slovaque |
| Sujets: | |
| Tags: |
Pas de tags, Soyez le premier à ajouter un tag!
|
MARC
| LEADER | 00000nla$a2200000$$$4500 | ||
|---|---|---|---|
| 001 | 0150310 | ||
| 005 | 20240502072713.3 | ||
| 041 | 0 | |a slo | |
| 044 | |a SK | ||
| 245 | 1 | 0 | |a Vývoj zahraničný priamych investícií v 3Q roka 2011 |c Miroslav Kmeťko, Pavel Škriniar |
| 520 | |a PZI v 3. štvrťroku 2011 spomalili, a to po stabilnom raste za predchádzajúce 3 štvrťroky. Odchod priamych investícií z krajín OECD. Najviac investícií v tomto období prišlo do ekonomiky USA. USA a Japonsko - odchod zahraničných investícií. | ||
| 610 | 2 | 0 | |a investície priame zahraničné |
| 610 | 2 | 0 | |a investície zahraničné |
| 100 | 1 | |a Kmeťko, Miroslav, 1969- | |
| 700 | 1 | |a Škriniar, Pavel, 1979- | |